The Impossible Quiz - Statistics

General Stats
  • This quiz has been taken 72 times
  • The average score is 4 of 15
Answer Stats
Question Answer % Correct
How many letters does the answer have? Four
79%
What's the furthest planet? Neptune
70%
What is this? Question 1
52%
How much wood would a woodpecker peck if a woodpecker could peck wood? They can
36%
How many letters are in this sentence? 12
30%
Two trains, Train A and Train B, simultaneously depart Station A and Station B. Station A and Station B are 252.5 miles apart from each other. Train A is moving at 124.7mph towards Station B, and Train B is moving at 253.5mph towards station A. If both trains departed at 10:00AM and it is now 10:08, what is the mass of the Sun? 2 Nonillion kilograms
21%
WHAT IS 6! EQUAL TO!!!!!!!!!!!!!!! 720
21%
How many letters aren't in this sentence? 16
18%
Cookie clickers click cookies in Cookie Clicker all day. How many clicks does it take to cook a cookie? None, you can't cook a cookie
15%
If Pinnochio said: "my nose will grow now", what happens. His knows will grow due to figuring out the answer
12%
How many times can you arrange the letters in JetPunk? 7
6%
Go play the real impossible quiz, what is the answer to question 1? Four
6%
Last, hardest question Win
6%
Click the red button 🔴
3%
What is the square of i? A head
3%
No matching quizzes found
Score Distribution
Percent of People with Each Score
Percentile by Number Answered
Your Score History
You have not taken this quiz